CREAZIONE DI UN CAPOLAVORO (LA): WALT DISNEY, FANTASIA (Record n. 107632)

Dettagli MARC
000 -LEADER
fixed length control field 01450agaaa2200277 4500
001 - CONTROL NUMBER
control field 1856
003 - CONTROL NUMBER IDENTIFIER
control field IT-RoPAU
005 - DATE AND TIME OF LATEST TRANSACTION
control field 20220918181300.0
007 - PHYSICAL DESCRIPTION FIXED FIELD--GENERAL INFORMATION
fixed length control field d cvaizq
008 - FIXED-LENGTH DATA ELEMENTS--GENERAL INFORMATION
fixed length control field 50131s9999||||xx ||| | || ||und||
040 ## - CATALOGING SOURCE
Original cataloging agency IT-RoPAU
Transcribing agency IT-RoPAU
041 ## - LANGUAGE CODE
Language code of text/sound track or separate title ITALIANO
100 ## - MAIN ENTRY--PERSONAL NAME
Personal name Heat Robert
Miscellaneous information Codice regista SPICS: 34960
9 (RLIN) 52917
130 ## - MAIN ENTRY--UNIFORM TITLE
Uniform title CREAZIONE DI UN CAPOLAVORO (LA): WALT DISNEY, FANTASIA
9 (RLIN) 52918
245 ## - TITLE STATEMENT
Title CREAZIONE DI UN CAPOLAVORO (LA): WALT DISNEY, FANTASIA
Statement of responsibility, etc. Diretto da: Heat Robert
Name of part/section of a work CREAZIONE DI UN CAPOLAVORO (LA): WALT DISNEY, FANTASIA (Rif. Codice opera principale : A1856)
250 ## - EDITION STATEMENT
Edition statement Edizione Standard
260 ## - PUBLICATION, DISTRIBUTION, ETC. (IMPRINT)
Place of publication, distribution, etc. MILANO (ITALIA)
Name of publisher, distributor, etc. WALT DISNEY COMPANY / Distribuzione: WALT DISNEY HOME VID
Date of manufacture "1991 (1° ed.: 1991 ; Ed. Lingua Orig.: 1991)"
300 ## - PHYSICAL DESCRIPTION
Extent VHS
Other physical details sonoro, col.
Dimensions 38 minuti
520 ## - SUMMARY, ETC.
Summary, etc. SEGRETI DIETRO LE QUINTE DI FANTASIA. BRANI ED INTERVISTE INEDITI. TESTIMONIANZE DI ANIMATORI E TECNICI CHE LAVORARONO SUL PROGETTO CON I PARERI DI ILLUSTRI STUDIOSI CRITICI E GIORNALISTI. TUTTI I PIU' INTERESSANTI E DIVERTENTI SEGRETI DEL GRANDE CAPOLAVORO CHE HA FATTO DELL'ANIMAZIONE UNA VERA ARTE.
538 ## - SYSTEM DETAILS NOTE
System details note PAL, STEREO
546 ## - LANGUAGE NOTE
Language note ITALIANO
650 ## - SUBJECT ADDED ENTRY--TOPICAL TERM
Topical term or geographic name as entry element STUDI SU FILM
Relator term STUDI SUL CINEMA [VHS]
General subdivision Codice MATERIA SPICS: 9959
9 (RLIN) 52919
700 ## - ADDED ENTRY--PERSONAL NAME
Personal name Heat Robert
Relator term (regista)
Miscellaneous information Codice regista SPICS: 34960
9 (RLIN) 52920
700 ## - ADDED ENTRY--PERSONAL NAME
Personal name Maltin Leonard
Relator term (soggetto)
Miscellaneous information Codice Soggetto SPICS: 34961
9 (RLIN) 52921
942 ## - ADDED ENTRY ELEMENTS (KOHA)
Koha item type VHS - VIDEO
Source of classification or shelving scheme Dewey Decimal Classification
Dati di copia
Withdrawn status Lost status Damaged status Not for loan Home library Current library Date acquired Total Checkouts Full call number Date last seen Price effective from Koha item type Public note
    Buone Condizioni Not For Loan SPICS-MEDIATECA SPICS-MEDIATECA 31/01/2015   A1856 31/01/2015 31/01/2015 VHS - VIDEO Progr. Ins.: 28 / N.Vol.:1 / Copie: 1 / Pag.:0 / Copia rara: n.d. / date import: 1.2.2015 / By Epidotti, Trombetti, Vaglietti
CREDITS: SOCIETA' SAN PAOLO Via A.Severo, 58 - ROMA (RM) & PERIODICI SAN PAOLO SRL Via Giotto, 36 MILANO & CISF Via Giotto, 36 MILANO & EDIZIONI SAN PAOLO SRL,  Piazza Soncino, 5 CINISELLO BALSAMO (MI) -- ITALY